000 01130cam a22003737a 4500
003 CHAP
005 20220817043545.0
008 990622d1998 it rn 00110 eng d
010 _a78394
011 _a79366
020 _a925104239X
035 _a89588
040 _cCHAP
082 0 4 _a348.4
_bF3 v.66
110 2 _aFAO
245 1 0 _aTrends in forestry law in America and Asia
_c/ Ellen Kern [and others]
260 _aRome :
_bFAO,
_c1998.
300 _a140 p.
410 2 _aFAO
490 0 _aEstudios legislativos
_v; 66
590 _aBATCH-UPD
_b10
_c20130110
_lUCH01
_h0159
590 _aBATCH-UPD
_b10
_c20130110
_lUCH01
_h1906
590 _aBATCH-UPD
_b10
_c20130409
_lUCH01
_h2206
590 _aBATCH-UPD
_b10
_c20130914
_lUCH01
_h0720
590 _aCONVERSION
_b10
_c20130109
_lUCH01
_h1343
650 1 4 _aBosques
_xLeyes
_xAmérica Latina.
_914324
650 1 4 _aBosques
_xLeyes
_zAsia.
_914330
810 0 _aFAO
830 0 0 _aEstudios legislativos
_v; 66
_938550
901 _aBK
905 _aLilia Sánchez G.
942 _cLIBRO
949 _a348.4 F3 v.66
_bBC
_cFAO
_d33724000727186
_eFAO1
_h95850
_i89588
_kDonaciØn
_sb
999 _c78394
_d78394